| 000 | 00335nam a22001457a 4500 | ||
|---|---|---|---|
| 003 | OSt | ||
| 005 | 20220223110737.0 | ||
| 008 | 220223b |||||||| |||| 00| 0 eng d | ||
| 020 | _a9788126552337 | ||
| 040 | _cHU | ||
| 082 |
_29th _a692.8 |
||
| 100 |
_aGolnaraghi _931286 |
||
| 245 | _aAutomatic Control Systems | ||
| 942 |
_2ddc _cBOOKS _n0 |
||
| 999 |
_c31348 _d31348 |
||